LEADER 00958cam0-2200301---450- 001 990005729960403321 005 20150924160621.0 035 $a000572996 035 $aFED01000572996 035 $a(Aleph)000572996FED01 035 $a000572996 100 $a19990604f19001950km-y0itay50------ba 101 0 $afre 102 $aFR 105 $a--------001by 200 1 $a<>théatre d'Alfred De Musset 210 $aStrasbourg$cHeitz$d[19..] 215 $a225 p. , 15 cm 225 1 $aBibliotheca romanica$iBibliothèque française$v26-28 327 1 $aContiene: Comédies et proverbes: La nuit vénitienne ; André Del Sarto ; Les caprices de Marianne ; Fantasio ; On ne badine pas avec l'amour 676 $a842.7$v22$zita 700 1$aMusset,$bAlfred de$f<1810-1857> 801 0$aIT$bUNINA$gREICAT$2UNIMARC 901 $aBK 912 $a990005729960403321 952 $a842.7 MUSS 1(1)$bIst.Glott. s.i.$fFLFBC 959 $aFLFBC 997 $aUNINA LEADER 02570oam 22006734a 450 001 9910963302703321 005 20200402171951.0 010 $a9781607328346 010 $a1607328348 035 $a(CKB)4100000007203440 035 $a(MiAaPQ)EBC5611587 035 $a(OCoLC)1078636942 035 $a(MdBmJHUP)muse68066 035 $a(Perlego)2032708 035 $a(EXLCZ)994100000007203440 100 $a20180926d2018 uy 0 101 0 $aeng 135 $aurcnu|||||||| 181 $ctxt$2rdacontent 182 $cc$2rdamedia 183 $acr$2rdacarrier 200 00$aDialogue with Europe, Dialogue with the Past$eColonial Nahua and Quechua Elites in Their Own Words /$fedited by Justyna Olko, John Sullivan and Jan Szemin?ski 210 1$aBoulder :$cUniversity Press of Colorado,$d[2018] 210 3$aBaltimore, Md. :$cProject MUSE, $d2019 210 4$d©[2018] 215 $a1 online resource (376 pages) 311 08$a9781607328339 311 08$a160732833X 311 08$a9781607328322 311 08$a1607328321 320 $aIncludes bibliographical references and index. 330 $a"A critical anthology of indigenous-authored texts, including Nahua, Quechua, and Spanish which native peoples and Spaniards convey their perspectives on Spanish colonial order. The first volume with native testimonies of Spanish expansion and examines geographically and culturally realities of indigenous elites in the colonial period"--Provided by publisher. 606 $aElite (Social sciences)$zPeru$xHistory 606 $aElite (Social sciences)$zMexico$xHistory 606 $aSpanish language$vTexts 606 $aQuechua language$vTexts 606 $aNahuatl language$vTexts 606 $aQuechua Indians$zPeru$xHistory$vSources 606 $aNahuas$zMexico$xHistory$vSources 607 $aPeru$xHistory$yConquest, 1522-1548$vSources 607 $aMexico$xHistory$ySpanish colony, 1540-1810$vSources 608 $aElectronic books. 615 0$aElite (Social sciences)$xHistory. 615 0$aElite (Social sciences)$xHistory. 615 0$aSpanish language 615 0$aQuechua language 615 0$aNahuatl language 615 0$aQuechua Indians$xHistory 615 0$aNahuas$xHistory 676 $a972/.02 702 $aSzemin?ski$b Jan 702 $aSullivan$b John$f1956- 702 $aOlko$b Justyna 801 0$bMdBmJHUP 801 1$bMdBmJHUP 906 $aBOOK 912 $a9910963302703321 996 $aDialogue with Europe, Dialogue with the Past$94367507 997 $aUNINA